000 00550nam a2200181 4500
999 _c188977
_d188977
005 20220608153827.0
010 _aENG-133133
020 _a978-93-5493-645-6
_c225.00
035 _aEN-116665
037 _bDBAD/PUB
082 _a181.4
245 _aPhilosophical Reflections/
_cedited by K. Om Narayana Rao
250 _a1st
260 _aBerhampur
_bPhiolosophy Family
_c2021
270 _aJangambadi Street Near Kabisurya School, Sana Bazar
_bBerhampur
_e760009
300 _a160p.
_c28cm(pbk)
942 _2ddc
_cEN
_h181.4
_mPHI